Boy Or Girl? First Names - Statistics

General Stats
  • This quiz has been taken 72 times
    53 since last reset
  • The average score is 6 of 10
Answer Stats
Question Answer % Correct
Adrienne Girl
100%
July Girl
88%
Hadley Girl
75%
August Boy
63%
Morgan Girl
63%
Quinn Girl
63%
Dakota Boy
50%
Jamie Girl
50%
Daley Boy
25%
Codi Girl
25%
No matching quizzes found
Score Distribution
Percent of People with Each Score
Percentile by Number Answered
Your Score History
You have not taken this quiz since the last reset